|
|
|
|
| LEADER |
00000ny a22000003n 4500 |
| 005 |
20110509121958.0 |
| 008 |
921026c19489999sp qr s 0 0 b0spa c |
| 022 |
|
|
|a 0034-9380
|
| 035 |
|
|
|a 1846
|
| 040 |
|
|
|a UMA.DER
|d vlex
|
| 080 |
|
|
|a 341(051)
|
| 090 |
|
|
|c 1438
|d 1438
|
| 245 |
3 |
0 |
|a Revista espaǫla de derecho internacional
|h [Recurso electrn̤ico]
|
| 256 |
|
|
|a Servicio en ln̕ea
|
| 260 |
|
|
|a Madrid :
|b Instituto Francisco de Vitoria
|
| 310 |
|
|
|a Trimestral
|
| 506 |
1 |
|
|a Contenido solo disponible en los productos indicados
|d vLex Global
|d vLex Global (Academic Edition, excluding Law Schools)
|d vLex Global (U.S. Academic Edition, Law Schools)
|d vLex Global (U.S. Academic Edition, excluding Law Schools)
|d vLex Global (Academic Edition, Law Schools)
|
| 650 |
|
|
|a Derecho internacional
|2 Tesauro vLex
|
| 650 |
|
|
|a Civil
|2 Tesauro vLex
|
| 710 |
2 |
|
|a Instituto de Derecho Internacional Francisco de Vitoria (Madrid),
|e ed
|
| 740 |
0 |
|
|a vLex Revista (Servicios en ln̕ea)
|
| 853 |
|
|
|8 1
|i (year)
|j (month)
|k (day)
|
| 856 |
4 |
0 |
|u http://vlex.com/source/1846
|z Acceso restringido
|
| 942 |
|
|
|c REV
|